000
00349cam a2200169ua 4500
020
_c
2.50
041
_a
mal
_h
082
_a
894.8122
_b
EUR/ME
100
_a
Eurpides, .
245
_a
Medea
260
_a
Quilon :
_b
M.S Book Depot ,
_c
1965.
300
_a
110 ; .
365
_a
2.50
504
_a
942
_c
BK
999
_c
4308
_d
4308